00390nam a2200169Ia 4500003000400000005001700004008004100021020001800062040000700080041000800087082002200095100001900117245001500136260003600151300001200187650002100199OSt20230418113506.0210423s2005 xx 000 0 und d a0-7499-3570-7 cAL aeng a813.54 223bROBB aROBERTS (Nora) aBlack rose aLondonbPiatkus Books Ltdc2005 a355bPB aAmerican Fiction